| 000 | 00978nmc a2200337 a 4500 | ||
|---|---|---|---|
| 003 | AR-BaBNM | ||
| 005 | 20251128205029.0 | ||
| 008 | 116019s1995 ||||||||||||||000 | spa|| | ||
| 020 | _a84-7960-131-0 | ||
| 040 | _cAR-BaBNM | ||
| 100 | 1 | _aAlonso Erausquin, Manuel | |
| 245 | 1 | 0 | _aTeleniños públicos / Teleniños privados |
| 250 | _a1ª ed. | ||
| 260 |
_aMadrid _bEdiciones de la Torre _c1995 |
||
| 300 | 0 | _a236 p. | |
| 490 | 0 |
_aProyecto Didáctico Quirón. Medios de comunicación y enseñanza _vv. 66 |
|
| 504 | _aBibliografía: p. 233-236 | ||
| 650 | 4 | _aTELEVISION EDUCATIVA | |
| 650 | 4 | _aTELEVISION COMERCIAL | |
| 650 | 4 | _aENSENANZA AUDIOVISUAL | |
| 650 | 4 | _aDOCUMENTALES | |
| 650 | 4 | _aNOTICIERO DE TELEVISION | |
| 650 | 4 | _aPUBLICIDAD TELEVISADA | |
| 650 | 4 | _aPELICULAS PARA NINOS | |
| 651 | 4 | _aEspaña | |
| 700 | 1 | _aMatilla, Luis | |
| 700 | 1 | _aVázquez Freire, Miguel | |
| 800 | 1 |
_aAparici, Roberto _ecoordinador |
|
| 942 | _cBK | ||
| 998 | _csilvi | ||
| 999 |
_c9715 _d9715 |
||